Everybody was so young : Gerald and Sara Murphy, a lost generation love story /

"There was a shine to life wherever they were," said Archibald MacLeish, describing his friends Gerald and Sara Murphy. The real-life models for Nicole and Dick Diver in F. Scott Fitzgerald's Tender Is the Night, the Murphys have appeared in virtually every book about the Lost Generat...

Full description

Saved in:
Bibliographic Details
Main Author: Vaill, Amanda.
Format: Book
Language:English
Published: Boston : Houghton Mifflin, 1998.
Subjects:
Tags: Add Tag
No Tags, Be the first to tag this record!
LEADER 03209cam a2200349 a 4500
001 007748087-2
005 20020606104010.5
008 971107s1998 mauaf b 001 0ceng
010 |a  97049149  
020 |a 0395652413 
035 0 |a ocm37981761 
040 |a DLC  |c DLC  |d C#P  |d SLR 
043 |a n-us---  |a e-fr--- 
050 0 0 |a ND237.M895  |b V35 1998 
082 0 0 |a 759.13  |a B  |2 21 
100 1 |a Vaill, Amanda. 
245 1 0 |a Everybody was so young :  |b Gerald and Sara Murphy, a lost generation love story /  |c Amanda Vaill. 
260 |a Boston :  |b Houghton Mifflin,  |c 1998. 
300 |a viii, 470 p., [24] p. of plates :  |b ill. ;  |c 24 cm. 
504 |a Includes bibliographical references (p. 443-449) and index. 
520 |a "There was a shine to life wherever they were," said Archibald MacLeish, describing his friends Gerald and Sara Murphy. The real-life models for Nicole and Dick Diver in F. Scott Fitzgerald's Tender Is the Night, the Murphys have appeared in virtually every book about the Lost Generation, for their apartment in Paris and their Mediterranean Villa America were the center of social and artistic life for the likes of Fitzgerald, Hemingway, Dorothy Parker, Stravinsky, John Dos Passos, Jean Cocteau, Cole Porter, and others. Gerald Murphy, the organizer of magical parties, was a brilliant painter whose work is currently undergoing a serious revival. Sara Murphy, an heiress who wore her pearls to the beach, was an enigmatic beauty whose allure enthralled Picasso (he painted her many times) as well as Fitzgerald and Hemingway. 
505 0 0 |t Prologue: Antibes, May 28, 1926 --  |t "My father, of course, had wanted boys" --  |t "Gerald's besetting sin is inattention" --  |t "New clothes, new friends, and lots of parties" --  |t "Thinking how nice you are" --  |t "I must ask you endless questions" --  |t "A relationship that so lets loose the imagination!" --  |t "Don't let's ever separate again" --  |t "The idea is thrilling to me" --  |t "An entirely new orbit" --  |t "A prince and a princess" --  |t "There is American elegance" --  |t "Very serious over trivialities and rather wise about art and life" --  |t "Our real home" --  |t "The kind of man to whom men, women, children, and dogs were attracted" --  |t "How can a wise man have two countries?" --  |t "A dismantled house where people have once been gay" --  |t "The invented part, for me, is what has meaning" --  |t "The geodetic points of our lost topography" --  |t "We try to be like what you want us to be" --  |t "Life itself has stepped in now" --  |t "Not on the same course, nor for the same port" --  |t "Enough to make the angels weep" --  |t "One's very Life seems at stake" --  |t "Isn't it strange how life goes on?" --  |t "Back there where they were" --  |t "Only half a person without you." 
600 1 0 |a Murphy, Gerald,  |d 1888-1964. 
600 1 0 |a Murphy, Sara. 
650 0 |a Painters  |z United States  |v Biography. 
650 0 |a Painters' spouses  |z United States  |v Biography. 
650 0 |a Expatriate painters  |z France  |v Biography. 
655 7 |a Biography.  |2 fast 
655 7 |a Biography.  |2 fast  |0 (OCoLC)fst01423686 
776 0 8 |i Online version:  |a Vaill, Amanda.  |t Everybody was so young.  |d Boston : Houghton Mifflin Co., 1998  |w (OCoLC)988744222 
988 |a 20020608 
906 |0 DLC